Normal view
MARC view
- City and town life
Entry Topical Term
001 - CONTROL NUMBER
- control field: 6609
003 - CONTROL NUMBER IDENTIFIER
- control field: NUST
005 - DATE AND TIME OF LATEST TRANSACTION
- control field: 20171121172113.0
008 - FIXED-LENGTH DATA ELEMENTS
- fixed length control field: 171121|| aca||aabn | a|a d
040 ## - CATALOGING SOURCE
- Original cataloging agency: NUST
- Transcribing agency: NUST
150 ## - HEADING--TOPICAL TERM
- Topical term or geographic name entry element: City and town life
- General subdivision: Fiction.
670 ## - SOURCE DATA FOUND
- Source citation: Work cat.: (NUST)219590: Mistry, Rohinton, 1952- 6607, A fine balance :, 1996.
